000 01598nam a2200409 a 4500
001 21719
003 VRT
005 20260309102734.0
008 240801s2001 xo a ra slo
015 _aSNBA2002/07-02462
020 _a8055101310
035 _aSNK000387118
035 _aurn:nbn:sk:snk-amyavx
035 _aurn:nbn:sk:snk-am00c7fw
035 _a19374EDD-1D33-42D3-B74C-B6B320FEA0D9
039 9 _a202409241242
_bAUTHORITY
_c202408011103
_dVLOAD
_c202403131603
_dVLOAD
_c202402261501
_dVLOAD
040 _aSNK
_bslo
_cSNK
_eAACR2
041 0 _aslo
044 _axo
_cSK
080 _a830-3(087.5)
_21981
100 1 _aHeyne, Isolde,
_d1931-2009
_4aut
240 1 4 _aDas grosse Buch der gutenachtgeschichten
_lSlovensky
245 1 _aVeľká kniha rozprávok na dobrú noc
_cIsolde Heyneová ; ilustrácie Marion Krätschmerová ; [z nemeckého originálu preložila Eva Melichárková]
260 _aBratislava
_bIkar
_c2001
300 _a232 s.
_bfareb. ilustr.
_c30 cm
500 _aRozlož. ilustr. na tit. strane, front. a predsádkach
650 0 7 _aautorské rozprávky, nemecké
_2SNK
655 7 _aumelecká literatúra
_2SNK
700 1 _aKrätschmer, Marion
_4ill
700 1 _aMelichárková, Eva,
_d1945-
_4trl
942 _2ddc
_cKLDE
_n0
949 _617A0340017
_9P60, <03>, [BOOK], {603}
_asnkSB 64880
_bsnkKSP 4158/2002
_s6100:20160606
949 _617A0340018
_9P60, <04>, [BOOK], {604}
_asnkSB 64880 D1
_bsnkKSP 4159/2002
949 _6273K0112683
_asvkpoC 38672
_bsvkpo451786
999 _c21719
_d21719